Testing for metallurgical processes /

Wedi'i Gadw mewn:
Manylion Llyfryddiaeth
Prif Awdur: Barr, James A. (James Allen), b. 1881
Fformat: Llyfr
Iaith:English
Cyhoeddwyd: San Francisco : London : Mining and Scientific Press ; The Mining Magazine, 1910.
Rhifyn:1st ed.
Pynciau:
LEADER 00975cam a22002651 4500
001 c000214885
003 CARM
005 20050504200439.0
008 780516s1910 xx 000 0 eng
010 |a 10027592 
019 1 |a 27027402  |5 LACONCORD2021 
035 |a (OCoLC)3897704  |5 LACONCORD2021 
040 |a DLC  |b eng  |c TxEU  |d DLC 
042 |a premarc 
050 0 0 |a TN673  |b .B18 
100 1 |a Barr, James A.  |q (James Allen),  |d b. 1881. 
245 1 0 |a Testing for metallurgical processes /  |c by James A. Barr. 
250 |a 1st ed. 
260 |a San Francisco :  |b Mining and Scientific Press ;  |a London :  |b The Mining Magazine,  |c 1910. 
300 |a 216 p. :  |b illus. ;  |c 20 cm. 
504 |a "References": p. [209]-210. 
650 0 |a Metallurgy. 
852 8 |b CARM  |h A2:AM19A0  |i B05897  |p 0253567  |f BK 
999 f f |i 77b9523d-b5d6-5dc6-b884-9470fa2f38f1  |s 180f55ca-f5cc-57cf-b309-58a1f03fd1c8 
952 f f |p Can circulate  |a CAVAL  |b CAVAL  |c CAVAL  |d CARM 1 Store  |e B05897  |f A2:AM19A0  |h Other scheme  |i book  |m 0253567